[Event "31. DSenEM2019 Gruppe 65+"]
[Site "Radebeul"]
[Date "2019.05.02"]
[Round "7.77"]
[White "Josting, Friedel"]
[Black "Portsch, Claudius"]
[Result "1-0"]
[WhiteElo "1855"]
[BlackElo "1659"]
[PlyCount "98"]
[EventDate "2019.??.??"]
[WhiteTeam "SG Bünde"]
[BlackTeam "BSV Chemie Radebeul"]

1. d4 e6 2. Nf3 d5 3. e3 Nf6 4. Bd3 Bd6 5. Nbd2 Nbd7 6. c4 c6 7. e4 dxe4 8.
Nxe4 Nxe4 9. Bxe4 h6 10. O-O Nf6 11. Bc2 O-O 12. Re1 Re8 13. h3 Qc7 14. Ne5 b6
15. Qf3 Bxe5 16. dxe5 Nh7 17. Qg4 Re7 18. Bxh6 f5 19. exf6 Nxf6 20. Qg6 Qd8 21.
Bg5 Qf8 22. Bxf6 Qxf6 23. Qh7+ Kf8 24. Re3 Qh6 25. Qe4 Bb7 26. Rae1 Rd8 27.
R1e2 c5 28. Qg6 Rd1+ 29. Re1 Rxe1+ 30. Rxe1 Qxg6 31. Bxg6 Bc6 32. f4 Be8 33.
Bxe8 Rxe8 34. Kf2 Kf7 35. g4 g6 36. Rd1 Re7 37. Kf3 Kf6 38. Rd6 Kf7 39. Ke4 Kf8
40. Ke5 Kf7 41. a4 Kf8 42. Rxe6 Rh7 43. Rxg6 Rxh3 44. Rc6 Rd3 45. g5 Rd7 46. g6
Kg7 47. f5 Rd2 48. Rc7+ Kg8 49. Rxa7 Kf8 1-0

[Event "31. DSenEM2019 Gruppe 65+"]
[Site "Radebeul"]
[Date "2019.05.02"]
[Round "7.78"]
[White "Prause, Dieter"]
[Black "Ludwig, Richard"]
[Result "1-0"]
[WhiteElo "1760"]
[BlackElo "1547"]
[PlyCount "95"]
[EventDate "2019.??.??"]
[WhiteTeam "SK Delbrück"]
[BlackTeam "SV Irxleben"]

1. d4 Nf6 2. c4 e5 3. dxe5 Ng4 4. Nf3 Bc5 5. e3 Nc6 6. Bd2 Ngxe5 7. Be2 O-O 8.
Nxe5 Nxe5 9. b4 Be7 10. Bc3 d6 11. O-O Bf6 12. Qc2 b6 13. Nd2 Bb7 14. Ne4 Bxe4
15. Qxe4 Rb8 16. Qc2 Qe7 17. Rfd1 Rfd8 18. a4 Ra8 19. a5 bxa5 20. Rxa5 Nc6 21.
Ra6 Bxc3 22. Qxc3 Qe5 23. Qa3 Nb8 24. Rxa7 Rxa7 25. Qxa7 Qe7 26. Bf3 h6 27. b5
Kf8 28. Rd4 g6 29. Qb7 f6 30. Bd5 f5 31. Rd1 g5 32. g3 Qd7 33. f4 Qe7 34. Kf2
Re8 35. Qa7 gxf4 36. Re1 fxg3+ 37. hxg3 Qg7 38. b6 cxb6 39. Qxb6 Qe7 40. Qd4
Qg7 41. Qf4 Qf6 42. Rh1 Kg7 43. Rh5 Re5 44. g4 Nd7 45. g5 hxg5 46. Rxg5+ Kf8
47. Qh4 Ke8 48. Rg8+ 1-0

[Event "31. DSenEM2019 Gruppe 65+"]
[Site "Radebeul"]
[Date "2019.05.02"]
[Round "7.80"]
[White "Deak-Willimsky, Emanuela"]
[Black "Scharff, Jürgen"]
[Result "0-1"]
[WhiteElo "1506"]
[BlackElo "1693"]
[PlyCount "66"]
[EventDate "2019.??.??"]
[WhiteTeam "SF Furtwangen-Vöhrenbach"]
[BlackTeam "SV Opladen"]

1. c4 e6 2. Nc3 Nf6 3. d3 Be7 4. g3 O-O 5. Bg2 c6 6. Nf3 d5 7. cxd5 cxd5 8. O-O
Nc6 9. d4 Qc7 10. Re1 Rd8 11. a3 a6 12. Qc2 b5 13. b4 Bb7 14. Bb2 Rac8 15. Rac1
Ne8 16. e3 Nd6 17. h3 Nc4 18. Nh2 Bd6 19. f4 Ne7 20. Nf3 Nf5 21. Kf2 f6 22. e4
dxe4 23. Nxe4 Bxe4 24. Rxe4 Nxb2 25. Qxb2 Qxc1 26. Re2 Qxb2 27. Rxb2 Bb8 28.
Rd2 Ba7 29. Re2 Kf7 30. g4 Nxd4 31. Nxd4 Bxd4+ 32. Kf3 Rc3+ 33. Ke4 Bb6 0-1

[Event "31. DSenEM2019 Gruppe 65+"]
[Site "Radebeul"]
[Date "2019.05.02"]
[Round "7.81"]
[White "Helm, Helga"]
[Black "Hoose, Hannelore"]
[Result "1/2-1/2"]
[WhiteElo "1614"]
[BlackElo "1674"]
[PlyCount "43"]
[EventDate "2019.??.??"]
[WhiteTeam "SV Springer Leipzig"]
[BlackTeam "SC Vahr"]

1. e4 e6 2. Nf3 c6 3. d4 d5 4. exd5 exd5 5. Be2 Bd6 6. Be3 Ne7 7. c3 O-O 8. Bd3
Bf5 9. Qc2 Qd7 10. Nh4 Bxd3 11. Qxd3 Ng6 12. Nf5 Bf4 13. Nd2 Qe6 14. O-O-O Bxe3
15. fxe3 Nd7 16. g4 Rae8 17. h3 Nf6 18. Rde1 Ne4 19. Qe2 Ne7 20. Nxe7+ Rxe7 21.
Nxe4 Qxe4 22. Rhf1 1/2-1/2

[Event "31. DSenEM2019 Gruppe 65+"]
[Site "Radebeul"]
[Date "2019.05.02"]
[Round "7.82"]
[White "Briesemeister, Klaus"]
[Black "Geibel, Henning"]
[Result "1/2-1/2"]
[WhiteElo "1621"]
[BlackElo "1392"]
[PlyCount "44"]
[EventDate "2019.??.??"]
[WhiteTeam "SV Lingen"]
[BlackTeam "SV Bargteheide"]

1. d4 d5 2. c4 e6 3. Nf3 Nf6 4. Nc3 Be7 5. e3 O-O 6. Bd3 dxc4 7. Bxc4 a6 8. O-O
b5 9. Bd3 Bb7 10. a3 c5 11. Ng5 h6 12. Nge4 Bxe4 13. Bxe4 Nxe4 14. Nxe4 cxd4
15. exd4 Qd5 16. Nc3 Qd7 17. Be3 Nc6 18. d5 exd5 19. Qxd5 Qxd5 20. Nxd5 Rad8
21. Nxe7+ Nxe7 22. Bc5 Rfe8 1/2-1/2

[Event "31. DSenEM2019 Gruppe 65+"]
[Site "Radebeul"]
[Date "2019.05.02"]
[Round "7.83"]
[White "Semisch, Helga"]
[Black "Girod, Gudrun"]
[Result "1/2-1/2"]
[WhiteElo "1571"]
[BlackElo "1487"]
[PlyCount "27"]
[EventDate "2019.??.??"]
[WhiteTeam "ESV Lok Meiningen"]
[BlackTeam "Hannover 96"]

1. d4 d5 2. e3 e6 3. Bd3 Nf6 4. f4 c5 5. c3 cxd4 6. cxd4 Bb4+ 7. Nd2 Bd7 8.
Ngf3 Bxd2+ 9. Bxd2 O-O 10. O-O a6 11. Qc2 Bb5 12. Bxb5 axb5 13. Qb3 Qd7 14. Ne5
1/2-1/2

[Event "31. DSenEM2019 Gruppe 65+"]
[Site "Radebeul"]
[Date "2019.05.02"]
[Round "7.84"]
[White "Schleicher, Winfried"]
[Black "Bouma, Jan"]
[Result "1-0"]
[WhiteElo "1352"]
[BlackElo "1546"]
[PlyCount "54"]
[EventDate "2019.??.??"]
[WhiteTeam "Lüneschach"]
[BlackTeam "SF Korbach"]

1. d4 d5 2. Bf4 Nf6 3. e3 e6 4. Nf3 Be7 5. Nbd2 O-O 6. Bd3 Nbd7 7. O-O c5 8. c4
Nh5 9. Be5 Nxe5 10. Nxe5 g6 11. b3 f5 12. f4 Ng7 13. Ndf3 Kh8 14. Qe1 Nh5 15.
Be2 Nf6 16. Ng5 Kg7 17. Rf3 Ne4 18. Nh3 Rh8 19. Bd3 Qf8 20. Bxe4 dxe4 21. Rf1
Bf6 22. Rd1 Bxe5 23. dxe5 Qe7 24. Rd6 Bd7 25. Qd2 Bc6 26. Ng5 Kh6 27. Nxe6 Rad8
1-0